| 000 | 00449nam a2200181Ia 4500 | ||
|---|---|---|---|
| 001 | 10872 | ||
| 005 | 20260306161904.0 | ||
| 008 | 260306t2007||||xx |||||||||||||| ||spa|| | ||
| 041 | _aESP | ||
| 082 |
_a980 _bH59 V. 4 |
||
| 100 |
_aTandeter, Enrique _eAUT |
||
| 245 | 0 | _aProcesos americanos hacia la redefinición colonial | |
| 260 | _c2007 | ||
| 300 |
_a671 pƔginas : _c25 cm. |
||
| 650 | _aGEN | ||
| 654 | _aCHU | ||
| 942 |
_cLIB _dJUS _fJUS _2ddc _n |
||
| 999 |
_c10872 _d10872 |
||